00580nam a22001577a 450000500170000001000150001702000270003203500140005903700130007308200080008610000190009424501470011326000250026027001010028530000360038620200923161349.0 aENG-128472 c1199.00a9788194461357 aEN-112004 bDBAD/PUB a000 aKumar, Sanjeev aSuper-17 Test Papers With 2500+ Predictive Questions for NTA NEET:bGet Ahead With Practice Test Book Series of CompeteWell/cby Sanjeev Kumar aChennaibBUUKSc2020 aJVL Plaza, 4th Floor, 501, Anna Salai Teynampet,bChennaie600 018k044-4992727mhello@buuks.com a616p.c28cm(pbk)bIllustrations